Pays d'origine du club de foot #3 - Statistiques

Statistiques générales
  • Ce quiz a été pris 175 fois
  • Le résultat moyen est 12 sur 12
Statistiques - réponses
Par images Hint Réponse % Correct
Montpellier Hérault Sport Club France
100%
Bayern Munich Allemagne
99%
Chelsea Football Club Angleterre
99%
Tottenham Hotspur Football Club Angleterre
99%
Sevilla Fútbol Club Espagne
99%
Cercle Bruges KSV Belgique
97%
Hellas Verona Football Club Italie
96%
Servette FC Suisse
96%
Atalanta Bergame Italie
95%
Royale Union saint-gilloise Belgique
93%
Sporting Braga Portugal
93%
Red Star Football Club France
90%
Aucun quiz correspondant
Distribution des résultats
% des personnes avec chaque résultat
Percentile par nombre de réponses
Votre historique - résultats
Vous n’avez pas pris ce quiz